A Consumer's Guide to Food Regulation & Safety : (Record no. 619861)

MARC details
000 -LEADER
fixed length control field 00554nam a2200193 a 4500
008 - FIXED-LENGTH DATA ELEMENTS--GENERAL INFORMATION
fixed length control field 260424s2010##################000#0#eng##
020 ## - INTERNATIONAL STANDARD BOOK NUMBER
ISBN 9780199730216
082 04 - DEWEY DECIMAL CLASSIFICATION NUMBER
Classification number 344.7304232ORE
100 1# - MAIN ENTRY--AUTHOR NAME
Personal name O'Reilly, James T.,
245 10 - TITLE STATEMENT
Title A Consumer's Guide to Food Regulation & Safety :
260 ## - PUBLICATION, DISTRIBUTION, ETC. (IMPRINT)
Name of publisher Oxford University Press, USA,
Year of publication 2010.
300 ## - PHYSICAL DESCRIPTION
Number of Pages 272 pages
650 #0 - SUBJECT ADDED ENTRY--TOPICAL TERM
Topical Term Language Arts & Disciplines.
942 ## - ADDED ENTRY ELEMENTS (KOHA)
Koha item type English Books
Holdings
Withdrawn status Lost status Damaged status Not for loan Home library Current library Date acquired Full call number Accession Number Price effective from Koha item type
        Anna Centenary Library Anna Centenary Library 24.04.2026 344.7304232ORE 198881 24.04.2026 English Books

Find us on the map